A midsummer night's dream (Record no. 138044)

MARC details
000 -LÍDER
campo de controle de tamanho fixo 00450 a2200181 4500
001 - NÚMERO DE CONTROLE
campo de controle 138044
020 ## - ISBN - INTERNATIONAL STANDARD BOOK NUMBER
ISBN - International Standard Book Number 9781405087278
040 ## - FONTE DA CATALOGAÇÃO
Instituição que transcreveu o registro Leonardo Da Vinci
041 ## - CÓDIGO DE IDIOMA
Código do idioma do texto/trilha sonora ou título diferente Inglês
082 ## - CDD - CLASSIFICAÇÃO DECIMAL DE DEWEY
Número de Classificação 822.33 S527m
Número do exemplar S527m
100 ## - ENTRADA PRINCIPAL--NOME PESSOAL
Nome pessoal SHAKESPEARE, William
245 ## - TÍTULO
Título A midsummer night's dream
260 ## - PUBLICAÇÃO, DISTRIBUIÇÃO, ETC.
Nome do editor, distribuidor, etc. Macmillan Education
Data da publicação, distribuição, etc. 2018
Local de publicação, distribuição, etc. London
300 ## - DESCRIÇÃO FÍSICA
Extensão 79
362 ## - DATAS DE PUBLICAÇÃO E/OU DESIGNAÇÃO SEQUENCIAL
Datas de publicação e/ou designação sequencial 20180000
697 ## - ENTRADA DE ASSUNTO LOCAL--ENTIDADE COLETIVA (RLIN)
Nome corporativo ou nome da jurisdição Literatura inglesa
-- Inglês - aprendizado
942 ## - ELEMENTOS DE ENTRADA ADICIONADOS (KOHA)
Tipo de material Koha Livros
Holdings
Situação do descarte Situação das perdas Situação física Não pode ser emprestado Biblioteca de origem Biblioteca atual Data de aquisição Total de empréstimos Número de chamada completo Código de barras Data de último acesso Data do preço efetivo Tipo de material Koha
        Leonardo Da Vinci - Alphaville 1 Leonardo Da Vinci - Alphaville 1 27/03/2024   822.33 S527m A00841LVA 27/03/2024 27/03/2024 Livros
        Leonardo Da Vinci - Granja Viana Leonardo Da Vinci - Granja Viana 27/03/2024   822.33 S527m G02062 27/03/2024 27/03/2024 Livros
        Leonardo Da Vinci - Osasco Leonardo Da Vinci - Osasco 27/03/2024   822.33 S527m O017556 27/03/2024 27/03/2024 Livros
        Leonardo Da Vinci - Osasco Leonardo Da Vinci - Osasco 27/03/2024   822.33 S527m O017557 27/03/2024 27/03/2024 Livros
        Leonardo Da Vinci - Osasco Leonardo Da Vinci - Osasco 27/03/2024   822.33 S527m O019323 27/03/2024 27/03/2024 Livros